Detalles MARC
| 000 -LIDER |
| fixed length control field |
01423nam a2200385 a 4500 |
| 001 - NÚMERO DE CONTROL |
| Identificador de número de control |
|
| 003 - IDENTIFICACDOR DE NÚMERO DE CONTROL |
| control field |
DO-SdBNP |
| 005 - DATE AND TIME OF LATEST TRANSACTION |
| control field |
20210430134911.0 |
| 008 - ELEMENTOS DE LONGITUD FIJA |
| fixed length control field |
111108s2000 dr ac 001 0 spa d |
| 020 ## - ISBN |
| International Standard Book Number |
9993439045 |
| 040 ## - FUENTE DE CATALOGACIÓN |
| Agencia que crea de manera original el registro |
BPMSU |
| Idioma de catalogación |
spa |
| Agencia que realiza la transcripción |
BPMSU |
| 082 #4 - NÚMERO DE CLASIFICACIÓN DECIMAL DE DEWEY |
| Classification number |
972.93 |
| Item number |
F825r, 2000 |
| Edition number |
22 |
| 100 1# - ASIENTO PRINCIPAL -- NOMBRE PERSONAL |
| Nombre personal |
Franco Pichardo, Franklin J. |
| Término de relación |
1936-2013 |
| 245 14 - MENCIÓN DE TITULO |
| Título |
República Dominicana : |
| Subtítulo |
clases, crisís y comandos / |
| Mención de responsabilidad |
Franklin J. Franco ; presentación Moreno Fraginals. |
| 250 ## - MENCIÓN DE EDICION |
| Mención de edición |
5a. ed. |
| 260 ## - PUBLICACIÓN, DISTRIBUCIÓN, ETC. (PIE DE IMPRENTA) |
| Lugar de publicación, distribución, etc |
Santo Domingo : |
| Nombre del editor, distribuidor, etc. |
Libriría la Trinitaria, |
| Fecha de publicación, distribución, etc |
2000 |
| 300 ## - DESCRIPCIÓN FÍSICA |
| Extensión |
323 p. ; |
| Dimensiones |
23 cm. |
| 500 ## - NOTA GENERAL |
| Nota general |
Incluye datos biográficos del autor en la contracubierta |
| 500 ## - NOTA GENERAL |
| Nota general |
Incluye referencias bibliográficas y notas al pie de las páginas |
| 586 ## - AWARDS NOTE |
| Awards note |
Premio Internacional de Ensayo de Casa de las Américas, La Habana, Cuba, enero 1966 |
| 590 ## - NOTA LOCAL |
| Enlace |
Inventariado, 2021/VM |
| 651 #4 - ENCABEZAMIENTO DE MATERIA--NOMBRE GEOGRÁFICO |
| Nombre geográfico |
República Dominicana |
| Subdivisión temática general |
Historia |
| Subdivisión cronológica |
1844 |
| 651 #4 - ENCABEZAMIENTO DE MATERIA--NOMBRE GEOGRÁFICO |
| Nombre geográfico |
República Dominicana |
| Subdivisión temática general |
Condiciones económicas |
| 651 #4 - ENCABEZAMIENTO DE MATERIA--NOMBRE GEOGRÁFICO |
| Nombre geográfico |
República Dominicana |
| Subdivisión temática general |
Política Y gobierno |
| 651 #4 - ENCABEZAMIENTO DE MATERIA--NOMBRE GEOGRÁFICO |
| Nombre geográfico |
República Dominicana |
| Subdivisión temática general |
Condiciones sociales |
| 700 1# - ASIENTO SECUNDARIO -- NOMBRE PERSONAL |
| Nombre personal |
Fraginals, Moreno |
| 910 ## - VALIDACIÓN |
| Validación |
VMateo |
| 930 #1 - EQUIVALENCE OR CROSS-REFERENCE-UNIFORM TITLE HEADING [LOCAL, CANADA] |
| Language of a work |
|
| Medium of performance for music |
|
| Medium |
|
| Field link and sequence number |
|
| Date of a work |
|
| Name of part/section of a work |
|
| Miscellaneous information |
|
| Medium |
|
| 942 ## - ADDED ENTRY ELEMENTS (KOHA) |
| Source of classification or shelving scheme |
Dewey Decimal Classification |
| Koha item type |
Libros |
| 945 ## - INFORMACIÓN DE PROCESAMIENTO LOCAL |
| Información de procesamiento local |
Inventariado, 2017/VM |
| 956 ## - LOCAL ELECTRONIC LOCATION AND ACCESS (OCLC) |
| Nombre de host |
|
| Número de acceso |
|
| Información de compresión |
|
| Inicio de sesión |
|
| Procesador de solicitud |
|
| 956 ## - LOCAL ELECTRONIC LOCATION AND ACCESS (OCLC) |
| Nombre de host |
|
| Número de acceso |
|
| Información de compresión |
|
| Inicio de sesión |
|
| Procesador de solicitud |
|
| 956 ## - LOCAL ELECTRONIC LOCATION AND ACCESS (OCLC) |
| Nombre de host |
|
| Número de acceso |
|
| Información de compresión |
|
| Inicio de sesión |
|
| Procesador de solicitud |
|
| 956 ## - LOCAL ELECTRONIC LOCATION AND ACCESS (OCLC) |
| Nombre de host |
VMATEO |
| Número de acceso |
10 |
| Información de compresión |
20150712 |
| Inicio de sesión |
BPMSU |
| Procesador de solicitud |
00151 |